Understanding second language acquisition

-д хадгалсан:
Номзүйн дэлгэрэнгүй
Үндсэн зохиолч: Ellis, Rod (Зохиогч)
Формат: Ном
Хэл сонгох:англи
Хэвлэсэн: Oxford Oxford University Press 1985
Нөхцлүүд:
Шошгууд: Шошго нэмэх
Шошго байхгүй, Энэхүү баримтыг шошголох эхний хүн болох!

MARC

LEADER 00000nam a2200000 a 4500
001 UCQ7992
003 CL-VaPUC
008 981121e19850000UK |||||||||||||||||eng|d
020 |a 019437081X 
082 0 4 |a 418.007  |b ELL  |2 21 
100 0 |a Ellis, Rod  |e author  |9 421820 
245 1 0 |a Understanding second language acquisition 
300 |a 327 p 
942 |c BK 
945 |d 19981121 00:00:00  |a crobeson 
260 |a Oxford  |b Oxford University Press  |c 1985 
650 0 |a Lingüística aplicada   |9 313266 
650 0 |a Educación lingüística  |9 306506 
650 0 |a Enseñanza de idiomas  |9 339820 
650 0 |a Adquisición del lenguaje   |9 309032 
650 0 |a Lenguas extranjeras   |9 343620 
583 |a last modification  |c 19981121 00:00:00  |k Rodrigo Vera 
999 |c 277364  |d 277362 
952 |0 0  |1 0  |4 0  |6 418_007000000000000_ELL_1985  |7 0  |8 A  |9 315257  |a FDOPOS  |b FDOPOS  |d 2019-11-20  |i 1495798  |o 418.007 ELL 1985  |p 1495798  |r 2025-01-22  |w 2019-11-20  |y BK  |k MLA 
952 |0 0  |1 0  |4 0  |6 418_007000000000000_ELL_1985  |7 0  |8 A  |9 315258  |a FDOPOS  |b FDOPOS  |d 2019-11-20  |i 3790460  |o 418.007 ELL 1985  |p 3790460  |r 2025-01-22  |w 2019-11-20  |y BK  |k MLA 
952 |0 0  |1 0  |4 0  |6 418_007000000000000_ELL_1985  |7 0  |8 A  |9 315259  |a BIBEDU  |b BIBEDU  |c ES_NOD  |d 2019-11-20  |i 4202546  |o 418.007 ELL 1985  |p 4202546  |r 2023-08-09  |w 2019-11-20  |y BK  |k LIT